000 00412nam a2200181Ia 4500
003 0100
008 130303s9999 xx 000 0 und d
040 _cARRUPELIB
050 _aBL2480.M3D33
100 _aDaneel, M.L
245 _aOld and New in Southern Shona Independent Churches
260 _aGweru
260 _bMambo Press
260 _C1988
300 _a3vols.
300 _b 24cm
942 0 0 _02
999 _c21892
_d21892